APL : the language and its usage
Αποθηκεύτηκε σε:
| Κύριος συγγραφέας: | |
|---|---|
| Άλλοι συγγραφείς: | |
| Μορφή: | Βιβλίο |
| Γλώσσα: | English |
| Δημοσίευση: |
Englewood Cliffs, N.J. :
Prentice-Hall,
[1975]
|
| Σειρά: | Prentice-Hall series in automatic computation
|
| Θέματα: | |
| Ετικέτες: |
Προσθήκη ετικέτας
Δεν υπάρχουν, Καταχωρήστε ετικέτα πρώτοι!
|
MARC
| LEADER | 00000cam a2200000 i 4500 | ||
|---|---|---|---|
| 001 | 1/42816 | ||
| 008 | 950328s1975 eng d | ||
| 020 | |a 0130388858 | ||
| 035 | |l 10025657 | ||
| 040 | |a GR-MY-UA |b |e aacr | ||
| 041 | 0 | |a eng | |
| 082 | 0 | |a 001.6424 | |
| 100 | 1 | |a Polivka, Raymond P. |q (Raymond Peter) |d 1929- | |
| 245 | 1 | 0 | |a APL : |b the language and its usage / |c Raymond P. Polivka, Sandra Pakin |
| 260 | |a Englewood Cliffs, N.J. : |b Prentice-Hall, |c [1975] | ||
| 300 | |a xxiii, 579 p.; |c 24 cm. | ||
| 490 | 1 | |a Prentice-Hall series in automatic computation | |
| 504 | |a Bibliography: p. 545-569 | ||
| 504 | |a Includes index | ||
| 650 | 0 | 0 | |a APL (Computer program language) |
| 700 | 1 | |a Pakin, Sandra |d 1940- | |
| 830 | 0 | |a Prentice-Hall series in automatic computation | |
| 852 | |a INST |b CHIOS |e 19950328 |h 001.6424 POL |p 005200006351 |q 005200006351 |t BK |y 0 | ||
| 852 | |a INST |b CHIOS |e 19950328 |h 001.6424 POL |p 005200006352 |q 005200006352 |t BK |y 0 | ||
| 852 | |a INST |b CHIOS |e 19950328 |h 001.6424 POL |p 005200006353 |q 005200006353 |t BK |y 0 | ||
| 909 | |a Χ |b 003486 | ||
| 909 | |a Χ |b 003485 | ||
| 909 | |a Χ |b 003484 | ||